Engineering heat transfer (Record no. 23085)

MARC details
000 -LEADER
fixed length control field 00349nam a2200145Ia 4500
082 ## - DEWEY DECIMAL CLASSIFICATION NUMBER
Classification number 536.2
Item number GUP
100 ## - MAIN ENTRY--AUTHOR NAME
Personal name Gupta, C P
245 #0 - TITLE STATEMENT
Title Engineering heat transfer
250 ## - EDITION STATEMENT
Edition statement Ed.3
260 ## - PUBLICATION, DISTRIBUTION, ETC. (IMPRINT)
Place of publication Roorkee
Name of publisher Nem Chand
Year of publication 1971
650 ## - SUBJECT ADDED ENTRY--TOPICAL TERM
Topical Term Heat transfer
700 ## - ADDED ENTRY--PERSONAL NAME
Personal name Rajendra Prakash
942 ## - ADDED ENTRY ELEMENTS (KOHA)
Koha item type Books
Holdings
Withdrawn status Lost status Damaged status Not for loan Home library Current library Date acquired Cost, normal purchase price Full call number Accession Number Koha item type
        RRII Library RRII Library 16/12/2021 15.00 536.2 GUP 03790 Books